The gingerbread man / (Record no. 3078)

MARC details
000 -LEADER
fixed length control field 00949cam a2200265 a 4500
005 - DATE AND TIME OF LATEST TRANSACTION
control field 20250826140243.0
020 ## - INTERNATIONAL STANDARD BOOK NUMBER
International Standard Book Number 059081298X
040 ## - CATALOGING SOURCE
Original cataloging agency DLC
Transcribing agency DLC
Modifying agency DLC
Language of cataloging eng
050 00 - LIBRARY OF CONGRESS CALL NUMBER
Classification number PZ8.A95
Item number 1998
082 00 - DEWEY DECIMAL CLASSIFICATION NUMBER
Classification number 398.21
100 1# - MAIN ENTRY--PERSONAL NAME
Personal name Aylesworth, Jim
245 14 - TITLE STATEMENT
Title The gingerbread man /
Statement of responsibility, etc. retold by Jim Aylesworth ; illustrated by Barbara McClintock.
250 ## - EDITION STATEMENT
Edition statement First Scholastic paperback printing , May 1998
260 ## - PUBLICATION, DISTRIBUTION, ETC.
Place of publication, distribution, etc. New York :
Name of publisher, distributor, etc. Scholastic Press,
Date of publication, distribution, etc. 1998
300 ## - PHYSICAL DESCRIPTION
Extent 30 unnumbered pages :
Other physical details color illustrations ;
Dimensions 29 cm.
505 ## - FORMATTED CONTENTS NOTE
Formatted contents note K <br/>
520 ## - SUMMARY, ETC.
Summary, etc. A freshly baked gingerbread man escapes when he is taken out of the oven and eludes a number of pursuers until he meets a clever fox.
521 ## - TARGET AUDIENCE NOTE
Target audience note 510 <br/>
Source Lexile <br/>
521 ## - TARGET AUDIENCE NOTE
Target audience note K <br/>
Source Raz-Plus <br/>
650 #1 - SUBJECT ADDED ENTRY--TOPICAL TERM
Topical term or geographic name entry element gingerbread man
Form subdivision fairy tale
700 1# - ADDED ENTRY--PERSONAL NAME
Personal name McClintock, Barbara
Relator term illustrator
906 ## - LOCAL DATA ELEMENT F, LDF (RLIN)
a 7
b cbc
c orignew
d 1
e ocip
f 19
g y-gencatlg
942 ## - ADDED ENTRY ELEMENTS (KOHA)
Source of classification or shelving scheme Dewey Decimal Classification
Koha item type Books
Suppress in OPAC No
999 ## -
-- 3078
-- 3078
Holdings
Withdrawn status Lost status Source of classification or shelving scheme Damaged status Not for loan Collection Home library Current library Shelving location Date acquired Total Checkouts Full call number Barcode Date last seen Date last checked out Copy number Price effective from Koha item type
    Dewey Decimal Classification     Juvenile Fiction Footprints International School Library Network Toul Tom Poung Campus Footprints International School Library Network Toul Tom Poung Campus TTP Primary Yellow Bookshelves 02/02/2024 1 DYT 398.21 PZ8.A95 FISTK02333 04/08/2024 03/26/2024 1 02/02/2024 Books
    Dewey Decimal Classification     Juvenile Fiction Footprints International School Library Network Toul Tom Poung Campus Footprints International School Library Network Toul Tom Poung Campus TTP Primary Yellow Bookshelves 02/02/2024 1 DYT 398.21 PZ8.A95 FISBK05587 05/19/2025 09/18/2024 2 02/02/2024 Books
    Dewey Decimal Classification     Juvenile Fiction Footprints International School Library Network Toul Tom Poung Campus Footprints International School Library Network Toul Tom Poung Campus TTP Primary Yellow Bookshelves 08/26/2025   DYT 398.21 PZ8.A95 FIS01911 08/26/2025   3 08/26/2025 Books